Stations de la ligne C du tramway de Bordeaux - Statistiques

Statistiques générales
  • Ce quiz a été pris 10 fois
  • Le résultat moyen est 20 sur 30
Statistiques - réponses
Hint Réponse % Correct
D F SNCF Gare Saint-Jean
100%
D F Sainte-Croix
100%
D F Tauzia
100%
Villenave Pyrénées
100%
D F Carle Vernet
83%
F SNCF Gare de Bègles
83%
D E Place de la Bourse
83%
B D E Quinconces
83%
F Stade Musard
83%
D F Belcier
67%
E Grand Parc
67%
E Jardin Public
67%
F La Belle Rose
67%
Les Aubiers
67%
Parc des Expositions / Stade Matmut Atlantique
67%
A D E F Porte de Bourgogne
67%
Quarante Journaux
67%
D F Saint-Michel
67%
Berges du Lac
50%
F Calais - Centujean
50%
E Camille Godard
50%
E Cracovie
50%
E Émile Counord
50%
Lycée Vaclav Havel
50%
Parc de Mussonville
50%
E Place Paul Doumer
50%
E Place Ravezies
50%
F Terres Neuves
50%
Palais des Congrès
33%
Villenave Centre Pont-de-la-Maye
33%
Aucun quiz correspondant
Distribution des résultats
% des personnes avec chaque résultat
Percentile par nombre de réponses
Votre historique - résultats
Vous n’avez pas pris ce quiz